[Event "CRO-ch U17"]
[Site "Vinkovci"]
[Date "2016.07.30"]
[Round "8"]
[White "Sculac, Zvonimir"]
[Black "Udovicic, Dominik"]
[Result "1/2-1/2"]
[WhiteElo "1736"]
[BlackElo "1828"]
[PlyCount "37"]
[EventDate "2016.07.25"]
[EventType "swiss"]
[EventRounds "9"]
[EventCountry "CRO"]
[SourceTitle "CBM 173 Extra"]
[Source "ChessBase"]
[SourceDate "2016.08.29"]
[SourceVersion "1"]
[SourceVersionDate "2016.08.29"]
[SourceQuality "1"]

1. Nf3 d5 2. c4 d4 3. e3 c5 4. b4 b6 5. Nxd4 cxd4 6. Qf3 Nc6 7. Qxc6+ Bd7 8. Qf3 dxe3 9. fxe3 e5 10. Bb2 Bxb4 11. Bxe5 f6 12. Bc7 Qxc7 13. Qxa8+ Kf7 14. Qf3 Be6 15. Be2 Qe5 16. Nc3 Bxc3 17. dxc3 Qxc3+ 18. Kf2 Nh6 19. h3 1/2-1/2

[Event "CRO-ch U17"]
[Site "Vinkovci"]
[Date "2016.07.29"]
[Round "7"]
[White "Kenda, Luka"]
[Black "Sculac, Zvonimir"]
[Result "0-1"]
[WhiteElo "1577"]
[BlackElo "1736"]
[PlyCount "66"]
[EventDate "2016.07.25"]
[EventType "swiss"]
[EventRounds "9"]
[EventCountry "CRO"]
[SourceTitle "CBM 173 Extra"]
[Source "ChessBase"]
[SourceDate "2016.08.29"]
[SourceVersion "1"]
[SourceVersionDate "2016.08.29"]
[SourceQuality "1"]

1. c4 g6 2. Nc3 Bg7 3. g3 d6 4. Bg2 e5 5. Nf3 f5 6. d3 Nf6 7. 0-0 0-0 8. Bd2 Nh5 9. Rb1 f4 10. b4 g5 11. b5 Nd7 12. Nd5 Nc5 13. Bb4 Ne6 14. a4 g4 15. Nd2 Nd4 16. Bh1 Ne6 17. a5 Rb8 18. Nc3 Bd7 19. Nde4 Nf6 20. b6 axb6 21. axb6 c5 22. Ba3 Bc6 23. Nxf6+ Rxf6 24. Nd5 Rf7 25. Bc1 Qf8 26. Bd2 f3 27. exf3 gxf3 28. Re1 Nd4 29. Re4 Ra8 30. Re1 Ba4 31. Qc1 Nb3 32. Qd1 Nd4 33. Qc1 Bc2 0-1

[Event "CRO-ch U17"]
[Site "Vinkovci"]
[Date "2016.07.28"]
[Round "5"]
[White "Damjanovic, Stjepan"]
[Black "Sculac, Zvonimir"]
[Result "1-0"]
[WhiteElo "1603"]
[BlackElo "1736"]
[PlyCount "109"]
[EventDate "2016.07.25"]
[EventType "swiss"]
[EventRounds "9"]
[EventCountry "CRO"]
[SourceTitle "CBM 173 Extra"]
[Source "ChessBase"]
[SourceDate "2016.08.29"]
[SourceVersion "1"]
[SourceVersionDate "2016.08.29"]
[SourceQuality "1"]

1. e4 c5 2. Nc3 d6 3. f4 g6 4. Nf3 Bg7 5. Bb5+ Bd7 6. Bxd7+ Nxd7 7. d3 Ngf6 8. 0-0 0-0 9. Qe1 Ne8 10. Qh4 e6 11. Qh3 Nc7 12. f5 exf5 13. exf5 Qc8 14. Bh6 Nf6 15. Ng5 Qd7 16. Nce4 Nce8 17. Bxg7 Kxg7 18. fxg6 Qxh3 19. gxh3 hxg6 20. Rae1 Nd5 21. a3 Ndc7 22. Nc3 f5 23. a4 a6 24. Nd5 Nxd5 25. Ne6+ Kf7 26. Nxf8 Kxf8 27. Re6 Rd8 28. Rxg6 Ng7 29. Rf3 Kf7 30. Rfg3 Ne6 31. Rh6 Ndf4 32. Kf2 Ng7 33. Rh7 Rg8 34. h4 b5 35. axb5 axb5 36. Kf3 Nfe6 37. h5 Kf8 38. h6 Nd4+ 39. Kg2 Ne8 40. c3 Ne6 41. Rxg8+ Kxg8 42. Re7 N8c7 43. h7+ Kh8 44. Kf3 f4 45. Kg4 c4 46. d4 b4 47. cxb4 f3 48. Kxf3 Nxd4+ 49. Kg4 Nd5 50. Rb7 Nf6+ 51. Kg5 Nxh7+ 52. Kg6 Nf8+ 53. Kh6 Nde6 54. Re7 d5 55. b5 1-0

[Event "CRO-ch U17"]
[Site "Vinkovci"]
[Date "2016.07.26"]
[Round "2"]
[White "Sculac, Zvonimir"]
[Black "Rogulja, Marko"]
[Result "1-0"]
[WhiteElo "1736"]
[BlackElo "1460"]
[PlyCount "61"]
[EventDate "2016.07.25"]
[EventType "swiss"]
[EventRounds "9"]
[EventCountry "CRO"]
[SourceTitle "CBM 173 Extra"]
[Source "ChessBase"]
[SourceDate "2016.08.29"]
[SourceVersion "1"]
[SourceVersionDate "2016.08.29"]
[SourceQuality "1"]

1. Nf3 d5 2. c4 e6 3. e3 Nf6 4. b3 Be7 5. d4 0-0 6. Bd3 Nc6 7. a3 a6 8. 0-0 Ne4 9. Qc2 f5 10. Bb2 Ng5 11. Nxg5 Bxg5 12. f4 Be7 13. Nd2 Bd7 14. Nf3 Be8 15. Rac1 Bh5 16. cxd5 Bxf3 17. Rxf3 Qxd5 18. Bc4 Qd7 19. b4 Na7 20. Qb3 Rf6 21. d5 Rg6 22. dxe6 Qc8 23. Qd3 b5 24. Bb3 Qb7 25. Rf2 Rd8 26. Qxf5 Nc8 27. Qc2 Qa7 28. Bd4 Rxd4 29. exd4 Qxd4 30. Rd1 Qf6 31. Rd8+ 1-0